Eight Immortals of the People's Republic of China - Statistics

General Stats
  • This quiz has been taken 24 times
    18 since last reset
  • The average score is 7 of 11
Answer Stats
Picture Hint Answer % Correct
1904-1997 Deng Xiaoping
100%
1905-1995 Chen Yun
83%
1907-1998 Yang Shangkun
83%
1908-2007 Bo Yibo
67%
1909-1992 Li Xiannian
67%
1902-1997 Peng Zhen
67%
1913-2002 Xi Zhongxun
67%
1904-1992 Deng Yingchao
50%
1909-2005 Song Renqiong
50%
1908-1993 Wang Zhen
50%
1916-2015 Wan Li
50%
No matching quizzes found
Score Distribution
Percent of People with Each Score
Percentile by Number Answered
Your Score History
You have not taken this quiz since the last reset